[Event "WJCC U20 Girls 2019"]
[Site "New Delhi"]
[Date "2019.10.21"]
[Round "7.21"]
[White "Lakshmi C"]
[Black "Potapova, Margarita"]
[Result "1/2-1/2"]
[WhiteElo "1859"]
[BlackElo "2377"]
[Annotator "NA"]
[PlyCount "131"]
[EventDate "2019.10.15"]
[EventType "swiss"]
[EventCountry "IND"]
[SourceTitle "playchess.com"]
[Source "ChessBase"]
[SourceQuality "1"]
[TimeControl "40/5400+30:1800+30"]

1. e4 {[%emt 0:00:00]} c6 {[%emt 0:00:00]} 2. Nc3 {[%emt 0:00:00]} d5 {[%emt 0:00:00]} 3. Nf3 {[%emt 0:00:05]} Bg4 {[%emt 0:00:31]} 4. h3 {[%emt 0:00:08]} Bxf3 {[%emt 0:00:07]} 5. Qxf3 {[%emt 0:00:04]} e6 {[%emt 0:01:10]} 6. d4 {[%emt 0:00:56]} dxe4 {[%emt 0:03:24]} 7. Nxe4 {[%emt 0:05:11]} Qxd4 {[%emt 0:03:13]} 8. Bd3 {[%emt 0:00:31]} Be7 {[%emt 0:24:37]} 9. Be3 {[%emt 0:19:59]} Qd8 {[%emt 0:15:30]} 10. Qg3 {[%emt 0:12:02]} g6 {[%emt 0:07:16]} 11. O-O-O {[%emt 0:10:02]} Nd7 {[%emt 0:02:04]} 12. Bf4 $11 {[%emt 0:35:44]} Qa5 {[%emt 0:07:27]} 13. Bc4 {[%emt 0:00:55]} Ngf6 {[%emt 0:08:02]} 14. Nd6+ {[%emt 0:02:40]} Bxd6 {[%emt 0:01:04]} 15. Bxd6 {[%emt 0:01:59]} Ne4 {[%emt 0:02:15]} 16. Qh4 {[%emt 0:03:56]} Nxd6 17. Rxd6 {[%emt 0:00:03]} Qe5 {[%emt 0:12:17]} 18. Rhd1 {[%emt 0:00:54]} g5 {[%emt 0:02:38]} 19. Qh5 {[%emt 0:00:42]} Qf4+ {[%emt 0:01:32]} 20. Kb1 {[%emt 0:00:32]} O-O-O {[%emt 0:00:45]} 21. R1d4 {[%emt 0:03:01]} Qf6 {[%emt 0:03:50]} 22. h4 {[%emt 0:00:46]} h6 {[%emt 0:00:52]} 23. Qe2 {[%emt 0:00:46]} Nb6 {[%emt 0:01:54]} 24. Rxd8+ {[%emt 0:00:25]} Rxd8 {[%emt 0:00:07]} 25. Rxd8+ {[%emt 0:00:03]} Qxd8 {[%emt 0:00:17]} 26. hxg5 {[%emt 0:00:32]} Nxc4 {[%emt 0:01:36]} 27. gxh6 {[%emt 0:00:05]} Qh4 {[%emt 0:00:32]} 28. a3 {[%emt 0:00:17]} Nb6 {[%emt 0:02:01]} 29. Qe3 {[%emt 0:00:13]} Nd5 {[%emt 0:00:17]} 30. Qc1 {[%emt 0:01:35]} Ne7 {[%emt 0:00:52]} 31. g3 {[%emt 0:00:42]} Qh5 {[%emt 0:00:14]} 32. g4 {[%emt 0:00:41]} Qxg4 {[%emt 0:00:25]} 33. Qh1 {[%emt 0:00:01]} Ng6 {[%emt 0:00:32]} 34. h7 {[%emt 0:00:24]} Qd4 {[%emt 0:00:04]} 35. Qh6 {[%emt 0:00:56]} Qh8 {[%emt 0:00:09]} 36. Qh5 {[%emt 0:00:27]} Kb8 {[%emt 0:00:44]} 37. b4 {[%emt 0:00:36]} a6 {[%emt 0:01:16]} 38. Qh2+ {[%emt 0:00:29]} e5 {[%emt 0:00:17]} 39. Qh6 {[%emt 0:00:31]} Ka8 {[%emt 0:00:36]} 40. Qh5 {[%emt 0:00:26]} Ka7 {[%emt 0:01:04]} 41. a4 {[%emt 0:04:16]} Ka8 {[%emt 0:11:05]} 42. Qh3 {[%emt 0:04:47]} Kb8 {[%emt 0:05:46]} 43. Qd7 {[%emt 0:00:32]} Qf8 {[%emt 0:05:18]} 44. c3 {[%emt 0:01:32]} e4 {[%emt 0:03:27]} 45. Kb2 {[%emt 0:07:36]} Ka8 {[%emt 0:05:33]} 46. Kb3 {[%emt 0:07:58]} Kb8 {[%emt 0:01:45]} 47. Kb2 {[%emt 0:00:14]} Ka8 {[%emt 0:00:07]} 48. Kb3 {[%emt 0:00:02]} Ne5 {[%emt 0:00:23]} 49. Qf5 {[%emt 0:01:25]} Qh8 {[%emt 0:00:51]} 50. a5 {[%emt 0:01:52]} f6 {[%emt 0:00:42]} 51. Qxe4 {[%emt 0:02:07]} Kb8 {[%emt 0:00:29]} 52. f4 {[%emt 0:00:56]} Nd7 {[%emt 0:00:33]} 53. Qg6 {[%emt 0:00:41]} Nf8 {[%emt 0:00:20]} 54. Qg8 {[%emt 0:00:10]} Qxh7 {[%emt 0:00:04]} 55. Qxf8+ {[%emt 0:00:03]} Kc7 {[%emt 0:00:44]} 56. Qxf6 {[%emt 0:00:07]} Qb1+ {[%emt 0:00:16]} 57. Kc4 {[%emt 0:00:27]} Qe4+ {[%emt 0:00:29]} 58. Qd4 {[%emt 0:00:23]} Qe2+ {[%emt 0:00:31]} 59. Qd3 {[%emt 0:00:35]} Qe6+ {[%emt 0:00:30]} 60. Kd4 {[%emt 0:00:23]} Qd7+ {[%emt 0:01:04]} 61. Ke3 {[%emt 0:02:26]} Qh3+ {[%emt 0:00:04]} 62. Ke2 {[%emt 0:01:09]} Qh2+ {[%emt 0:00:10]} 63. Ke3 {[%emt 0:00:23]} Qh3+ {[%emt 0:00:12]} 64. Kd4 {[%emt 0:00:49]} Qd7+ {[%emt 0:00:16]} 65. Ke3 {[%emt 0:00:50]} Qh3+ {[%emt 0:00:21]} 66. Ke4 1/2-1/2

[Event "WJCC U20 Girls 2019"]
[Site "New Delhi"]
[Date "2019.10.21"]
[Round "7.22"]
[White "Yakubbaeva, Nilufar"]
[Black "Zhang, Xiao"]
[Result "1-0"]
[WhiteElo "2281"]
[BlackElo "2053"]
[Annotator "NA"]
[PlyCount "55"]
[EventDate "2019.10.15"]
[EventType "swiss"]
[EventCountry "IND"]
[SourceTitle "playchess.com"]
[Source "ChessBase"]
[SourceQuality "1"]
[TimeControl "40/5400+30:1800+30"]

1. e4 {[%emt 0:00:00]} c6 {[%emt 0:00:00]} 2. d4 {[%emt 0:00:00]} d5 {[%emt 0:00:00]} 3. e5 {[%emt 0:00:02]} c5 {[%emt 0:01:40]} 4. dxc5 {[%emt 0:00:12]} e6 {[%emt 0:00:03]} 5. Qg4 {[%emt 0:00:34]} Nd7 {[%emt 0:03:34]} 6. Nf3 {[%emt 0:03:20]} Qc7 {[%emt 0:02:38]} 7. Be3 {[%emt 0:07:49]} Ne7 {[%emt 0:02:33]} 8. Nc3 {[%emt 0:03:12]} a6 {[%emt 0:01:37]} 9. Bd3 {[%emt 0:07:04]} Ng6 {[%emt 0:14:29]} 10. Bxg6 {[%emt 0:08:59]} hxg6 {[%emt 0:00:21]} 11. Qa4 {[%emt 0:08:16]} Bxc5 {[%emt 0:20:21]} 12. Bxc5 {[%emt 0:06:28]} Qxc5 {[%emt 0:00:07]} 13. O-O {[%emt 0:03:43]} b5 {[%emt 0:09:53]} 14. Qf4 {[%emt 0:06:19]} Bb7 {[%emt 0:00:14]} 15. Rfe1 {[%emt 0:04:51]} Qe7 {[%emt 0:05:16]} 16. Rad1 {[%emt 0:04:28]} Rc8 {[%emt 0:01:08]} 17. Rd4 {[%emt 0:04:14]} Nb8 {[%emt 0:04:31]} 18. Ng5 {[%emt 0:11:28]} Nc6 {[%emt 0:03:13]} 19. Rxd5 {[%emt 0:05:22]} exd5 {[%emt 0:23:35]} 20. Nxd5 {[%emt 0:00:04]} Qf8 {[%emt 0:00:46]} 21. e6 {[%emt 0:00:45]} f5 {[%emt 0:01:36]} 22. Nf7 {[%emt 0:03:31]} Ne5 {[%emt 0:02:44]} 23. Qxe5 {[%emt 0:00:48]} Bxd5 {[%emt 0:00:23]} 24. Qxd5 {[%emt 0:00:34]} Ke7 {[%emt 0:00:45]} 25. Nxh8 {[%emt 0:02:06]} Qxh8 {[%emt 0:00:11]} 26. Qd7+ {[%emt 0:00:18]} Kf6 {[%emt 0:00:04]} 27. e7 {[%emt 0:00:23]} Qe8 {[%emt 0:01:02]} 28. Qxc8 {[%emt 0:00:16]} 1-0

[Event "WJCC U20 Girls 2019"]
[Site "New Delhi"]
[Date "2019.10.21"]
[Round "7.23"]
[White "Jain Nityata"]
[Black "Obregon Garcia, Roxangel"]
[Result "1/2-1/2"]
[WhiteElo "2029"]
[BlackElo "2267"]
[Annotator "TA"]
[PlyCount "157"]
[EventDate "2019.10.15"]
[EventType "swiss"]
[EventCountry "IND"]
[SourceTitle "playchess.com"]
[Source "ChessBase"]
[SourceQuality "1"]

{[%evp 19,156,26,26,18,20,18,26,4,4,0,8,7,21,13,14,13,4,4,10,6,13,6,4,1,8,0,20,16,25,0,59,66,61,0,0,0,0,0,40,9,67,64,71,70,73,37,33,29,381,359,1381,101,122,-54,-53,-47,-51,-56,-56,-105,-8,-8,8,8,8,8,8,8,8,8,8,8,8,8,8,8,8,8,8,8,8,8,56,63,124,124,124,124,124,124,117,117,117,117,117,0,0,0,8,0,0,0,0,0,0,0,0,0,0,0,0,0,0,0,0,0,0,0,0,0,0,0,0,0,0,0,0,0,0,0,0,0,0,0,0,0,0,0,0]} 1. e4 c5 2. Nf3 Nc6 3. Bb5 g6 4. Bxc6 dxc6 5. d3 Bg7 6. h3 Nf6 7. Nc3 Nd7 8. Be3 e5 9. Qd2 Qe7 10. Bh6 f6 11. Bxg7 {B31: Sicilian: 2...Nc6 3 Bb5 g6} Qxg7 12. Qe3 (12. Nh2 g5 13. Ng4 Nf8 14. Ne3 Ng6 15. a3 Be6 16. b4 Qe7 17. Na4 b6 18. g3 h5 {1-0 (48) Cheparinov,I (2703)-Kveinys,A (2542) Warsaw 2017}) 12... Qe7 13. O-O {White has an edge.} Nf8 14. Ne2 Ne6 15. c3 O-O $146 ({Predecessor:} 15... b6 16. Rfd1 {½-½ (19) Hassim,U-Rammstein,O LSS email 2006}) 16. Rfd1 b6 17. d4 cxd4 18. cxd4 exd4 19. Nfxd4 Nxd4 20. Rxd4 c5 21. Rd2 Bb7 22. Nc3 Rae8 23. Rad1 {Hoping for Rd7.} Rd8 24. Qe2 a6 (24... Kg7 $11) 25. Qc4+ $14 Kg7 26. Rxd8 (26. Nd5 $14 Qe6 27. Qf1) 26... Rxd8 $11 27. Rxd8 Qxd8 28. Qe6 b5 29. Nd5 c4 (29... f5 $1 $11) 30. h4 $14 f5 31. h5 $1 fxe4 32. Nf4 Bc8 ({Don't go for} 32... Qc7 $2 33. h6+ $1 {[%mdl 512]} Kf8 34. Qf6+ Ke8 35. Qh8+ Ke7 36. Qxh7+ Kd6 37. Qxg6+ Kd7 38. Qf5+ Kd6 39. Qf6+ Kd7 40. h7 $18) 33. Qe5+ Kf7 $2 {[%mdl 8192]} (33... Kh6 $11 {and Black stays safe.}) 34. h6 $18 Qe7 $2 (34... Qf8 35. Nd5 (35. Qxe4 Qd6 $11) 35... Qd8) 35. Qg7+ $2 (35. Qh8 $18 {is the precise move to win.}) 35... Ke8 $16 {Strongly threatening ...Qxg7.} 36. Nxg6 $2 ({White has to play} 36. Nd5 $16 {[%csl Gd5][%cal Rg7e7]} Qxg7 37. hxg7) 36... Qxg7 $15 37. hxg7 $16 {[%mdl 4096] Endgame KB-KN} Be6 38. Nf4 Bg8 39. a3 a5 ({Black should try} 39... Kf7 $17 40. Ne2 a5) 40. Kf1 $1 $11 b4 41. axb4 axb4 42. Ke2 Ke7 43. Ke3 Kf6 44. Nh5+ Kg5 45. Ng3 Kg6 46. Nxe4 Kxg7 47. Kd4 h5 48. Nd2 c3 $1 {[%cal Rc3d2]} 49. bxc3 bxc3 50. Kxc3 Be6 51. Kd4 h4 {[#]} (51... Kf6 $14) 52. Nf3 $1 $16 h3 {[#]} 53. g3 $1 Kg6 54. Ke5 Bc8 55. Kf4 {Black must now prevent Nh2.} Kh5 56. Nh2 {And now g4+ would win.} Bb7 57. g4+ ({Better is} 57. Ke3 $16) 57... Kh4 $1 $11 {The position is equal.} 58. g5 Bc8 59. Nf3+ Kh5 60. Ke5 Bb7 61. Kf4 $1 Bxf3 62. Kxf3 Kxg5 {( -> ...Kh4). KP-KP} (62... h2 $5 63. Kg2 $8 Kxg5 $11) 63. Kg3 h2 64. Kxh2 {White threatens Kg3 and mate. KP-K} Kf4 65. Kg2 Kg4 66. f3+ Kf4 67. Kf2 Kf5 68. Kg3 Kg5 69. f4+ Kf5 70. Kf3 Kf6 71. Kg4 Kg6 72. f5+ Kf6 73. Kf4 Kf7 74. Kg5 Kg7 75. f6+ $1 Kf7 76. Kf5 Kf8 77. Kg6 {Threatening mate with f7.} Kg8 78. f7+ $1 Kf8 79. Kf6 {Accuracy: White = 66%, Black = 50%.} 1/2-1/2

[Event "WJCC U20 Girls 2019"]
[Site "New Delhi"]
[Date "2019.10.21"]
[Round "7.24"]
[White "Bakshi, Rutuja"]
[Black "Pychova, Nela"]
[Result "1/2-1/2"]
[WhiteElo "2029"]
[BlackElo "2178"]
[Annotator "NA"]
[PlyCount "73"]
[EventDate "2019.10.15"]
[EventType "swiss"]
[EventCountry "IND"]
[SourceTitle "playchess.com"]
[Source "ChessBase"]
[SourceQuality "1"]
[TimeControl "40/5400+30:1800+30"]

1. Nf3 {[%emt 0:00:00]} Nf6 {[%emt 0:00:00]} 2. c4 {[%emt 0:00:10]} e6 {[%emt 0:08:02]} 3. d4 {[%emt 0:00:26]} Bb4+ {[%emt 0:01:06]} 4. Bd2 {[%emt 0:00:07]} a5 {[%emt 0:02:01]} 5. a3 {[%emt 0:01:42]} Bxd2+ {[%emt 0:01:35]} 6. Qxd2 {[%emt 0:05:02]} d6 {[%emt 0:12:39]} 7. Nc3 {[%emt 0:03:22]} O-O {[%emt 0:04:51]} 8. g3 {[%emt 0:02:49]} Qe7 {[%emt 0:02:58]} 9. Bg2 {[%emt 0:02:33]} e5 {[%emt 0:06:48]} 10. O-O {[%emt 0:03:58]} Re8 {[%emt 0:05:50]} 11. e4 Bg4 {[%emt 0:04:02]} 12. d5 {[%emt 0:08:29]} Na6 {[%emt 0:14:52]} 13. h3 {[%emt 0:01:35]} Bxf3 {[%emt 0:04:00]} 14. Bxf3 {[%emt 0:00:02]} Nc5 15. Rae1 {[%emt 0:07:25]} Nb3 {[%emt 0:06:09]} 16. Qe3 {[%emt 0:08:48]} Nd4 {[%emt 0:03:43]} 17. Bd1 {[%emt 0:01:49]} Nd7 {[%emt 0:01:45]} 18. Ne2 {[%emt 0:02:52]} Nxe2+ {[%emt 0:00:52]} 19. Rxe2 {[%emt 0:02:04]} a4 {[%emt 0:03:10]} 20. Bc2 {[%emt 0:04:38]} Nc5 {[%emt 0:02:32]} 21. f4 {[%emt 0:01:19]} Rab8 {[%emt 0:04:32]} 22. f5 {[%emt 0:04:07]} f6 {[%emt 0:01:11]} 23. Rg2 {[%emt 0:03:16]} b5 {[%emt 0:02:40]} 24. cxb5 {[%emt 0:01:26]} Rxb5 {[%emt 0:00:02]} 25. Bd1 {[%emt 0:00:32]} Reb8 {[%emt 0:00:18]} 26. Rff2 {[%emt 0:00:32]} R5b6 {[%emt 0:02:18]} 27. g4 {[%emt 0:02:08]} Kh8 {[%emt 0:00:23]} 28. h4 {[%emt 0:01:40]} Rf8 {[%emt 0:04:11]} 29. g5 {[%emt 0:00:27]} Qd7 {[%emt 0:00:55]} 30. Rg4 {[%emt 0:08:41]} Rbb8 {[%emt 0:00:56]} 31. Rfg2 {[%emt 0:00:44]} Rg8 {[%emt 0:00:28]} 32. Qg3 {[%emt 0:02:03]} Rbf8 {[%emt 0:00:20]} 33. Kh2 {[%emt 0:01:27]} Qe7 {[%emt 0:00:15]} 34. Qe3 {[%emt 0:02:14]} Rb8 {[%emt 0:00:13]} 35. Qg3 {[%emt 0:05:54]} Rbe8 {[%emt 0:00:17]} 36. Qe3 {[%emt 0:03:09]} Rb8 {[%emt 0:00:19]} 37. Qg3 {[%emt 0:00:53]} 1/2-1/2

[Event "WJCC U20 Girls 2019"]
[Site "New Delhi"]
[Date "2019.10.21"]
[Round "7.24"]
[White "Bakshi, Rutuja"]
[Black "Pychova, Nela"]
[Result "*"]
[WhiteElo "2029"]
[BlackElo "2178"]
[Annotator "TA"]
[PlyCount "42"]
[EventDate "2019.10.15"]
[EventType "swiss"]
[EventCountry "IND"]
[SourceTitle "playchess.com"]
[Source "ChessBase"]
[SourceQuality "1"]

{[%evp 7,7,21]} 1. Nf3 Nf6 2. c4 e6 3. d4 Bb4+ 4. Bd2 {Predecessor:} Qe7 $146 5. g3 Nc6 6. Nc3 Bxc3 7. Bxc3 Ne4 8. Rc1 d6 9. Bg2 O-O 10. d5 Nd8 11. dxe6 Nxe6 12. O-O Nxc3 13. Rxc3 Bd7 14. Re1 Bc6 15. e4 a5 16. b3 Rfe8 17. Rce3 Qf6 18. e5 dxe5 19. Nxe5 Bxg2 20. Kxg2 Rad8 21. Qg4 Re7 {0-1 (63) Giri,A (2779)-Anand,V (2764) Paris 2019} *

[Event "WJCC U20 Girls 2019"]
[Site "New Delhi"]
[Date "2019.10.21"]
[Round "7.25"]
[White "Vlkova, Anezka"]
[Black "Avetisyan, Mariam"]
[Result "0-1"]
[WhiteElo "1972"]
[BlackElo "2110"]
[Annotator "NA"]
[PlyCount "86"]
[EventDate "2019.10.15"]
[EventType "swiss"]
[EventCountry "IND"]
[SourceTitle "playchess.com"]
[Source "ChessBase"]
[SourceQuality "1"]
[TimeControl "40/5400+30:1800+30"]

1. e4 {[%emt 0:00:00]} c6 {[%emt 0:00:00]} 2. Nc3 {[%emt 0:00:00]} d5 {[%emt 0:00:00]} 3. Nf3 {[%emt 0:00:00]} Bg4 {[%emt 0:00:00]} 4. h3 {[%emt 0:00:00]} Bxf3 {[%emt 0:00:00]} 5. Qxf3 {[%emt 0:00:00]} e6 {[%emt 0:00:00]} 6. d3 {[%emt 0:00:32]} Bb4 {[%emt 0:00:58]} 7. Bd2 {[%emt 0:00:25]} d4 {[%emt 0:01:27]} 8. Nb1 {[%emt 0:00:56]} Bxd2+ {[%emt 0:00:06]} 9. Nxd2 {[%emt 0:00:05]} e5 {[%emt 0:04:40]} 10. Qg3 {[%emt 0:10:50]} Qf6 {[%emt 0:03:15]} 11. Be2 {[%emt 0:00:05]} Ne7 {[%emt 0:01:48]} 12. h4 {[%emt 0:09:57]} Ng6 {[%emt 0:21:35]} 13. Qg5 {[%emt 0:04:19]} Qe7 {[%emt 0:18:20]} 14. Qxe7+ {[%emt 0:07:14]} Kxe7 {[%emt 0:00:09]} 15. g3 {[%emt 0:00:34]} h5 {[%emt 0:06:30]} 16. a4 {[%emt 0:01:22]} b6 {[%emt 0:01:35]} 17. c3 {[%emt 0:02:18]} c5 {[%emt 0:12:17]} 18. cxd4 {[%emt 0:00:42]} cxd4 {[%emt 0:00:16]} 19. b4 {[%emt 0:07:08]} Nd7 {[%emt 0:01:06]} 20. Nc4 {[%emt 0:00:45]} a6 {[%emt 0:02:06]} 21. Kd2 {[%emt 0:00:39]} Raf8 {[%emt 0:06:00]} 22. a5 {[%emt 0:05:15]} b5 {[%emt 0:00:32]} 23. Nb6 {[%emt 0:00:07]} Kd6 {[%emt 0:04:49]} 24. Rhc1 {[%emt 0:02:16]} Ne7 {[%emt 0:01:27]} 25. f4 {[%emt 0:05:20]} Nc6 {[%emt 0:03:04]} 26. Nd5 {[%emt 0:03:24]} Rc8 {[%emt 0:01:38]} 27. Rc2 {[%emt 0:09:39]} Ne7 {[%emt 0:06:11]} 28. Rac1 {[%emt 0:02:02]} Rxc2+ {[%emt 0:00:20]} 29. Rxc2 {[%emt 0:00:05]} Nc6 {[%emt 0:00:48]} 30. Bf1 {[%emt 0:02:22]} Re8 {[%emt 0:00:56]} 31. Be2 {[%emt 0:07:07]} Rh8 {[%emt 0:00:07]} 32. Kc1 {[%emt 0:01:34]} Rh6 {[%emt 0:01:12]} 33. Kb2 {[%emt 0:00:21]} Rg6 {[%emt 0:01:18]} 34. g4 {[%emt 0:02:32]} hxg4 {[%emt 0:00:41]} 35. h5 {[%emt 0:00:16]} Rh6 {[%emt 0:00:06]} 36. Bxg4 {[%emt 0:00:44]} exf4 {[%emt 0:00:23]} 37. Kb3 {[%emt 0:06:46]} g5 {[%emt 0:01:46]} 38. Nb6 {[%emt 0:08:44]} Nde5 {[%emt 0:00:33]} 39. Bc8 {[%emt 0:00:24]} Nxd3 {[%emt 0:00:25]} 40. Nd5 {[%emt 0:01:46]} Rxh5 {[%emt 0:00:42]} 41. Rd2 {[%emt 0:15:03]} Nde5 {[%emt 0:09:40]} 42. Bxa6 {[%emt 0:00:23]} f5 {[%emt 0:02:56]} 43. Nf6 {[%emt 0:01:40]} Rh3+ {[%emt 0:00:09]} 0-1

[Event "WJCC U20 Girls 2019"]
[Site "New Delhi"]
[Date "2019.10.21"]
[Round "7.26"]
[White "Katkov, Michelle"]
[Black "Mirza, Diana"]
[Result "1/2-1/2"]
[WhiteElo "2106"]
[BlackElo "1986"]
[Annotator "NA"]
[PlyCount "83"]
[EventDate "2019.10.15"]
[EventType "swiss"]
[EventCountry "IND"]
[SourceTitle "playchess.com"]
[Source "ChessBase"]
[SourceQuality "1"]
[TimeControl "40/5400+30:1800+30"]

1. e4 {[%emt 0:00:00]} c5 {[%emt 0:00:00]} 2. Nc3 {[%emt 0:00:00]} Nc6 {[%emt 0:00:00]} 3. Bb5 {[%emt 0:00:00]} Nd4 {[%emt 0:00:04]} 4. Nf3 {[%emt 0:00:05]} a6 {[%emt 0:00:27]} 5. Bd3 {[%emt 0:00:33]} e6 {[%emt 0:04:45]} 6. O-O {[%emt 0:01:35]} Ne7 {[%emt 0:12:30]} 7. b3 {[%emt 0:02:36]} Nec6 {[%emt 0:01:26]} 8. Bb2 {[%emt 0:00:48]} Be7 {[%emt 0:01:47]} 9. Nxd4 {[%emt 0:03:18]} cxd4 {[%emt 0:01:22]} 10. Ne2 {[%emt 0:01:01]} d5 {[%emt 0:06:29]} 11. Qe1 {[%emt 0:10:38]} dxe4 {[%emt 0:01:01]} 12. Bxe4 {[%emt 0:00:11]} Bc5 {[%emt 0:03:38]} 13. Nf4 {[%emt 0:04:56]} O-O {[%emt 0:02:41]} 14. Nd3 {[%emt 0:04:24]} Ba7 {[%emt 0:02:01]} 15. f4 {[%emt 0:08:21]} Bd7 {[%emt 0:12:23]} 16. Kh1 {[%emt 0:04:32]} Qc7 {[%emt 0:04:30]} 17. Qh4 {[%emt 0:03:49]} f5 {[%emt 0:00:27]} 18. Bf3 {[%emt 0:01:56]} Rf6 {[%emt 0:06:28]} 19. Rae1 {[%emt 0:06:58]} Ne7 {[%emt 0:05:49]} 20. Bd1 {[%emt 0:06:47]} Bc6 {[%emt 0:04:17]} 21. Re2 {[%emt 0:11:02]} Rh6 {[%emt 0:06:19]} 22. Qe1 {[%emt 0:01:09]} Be4 {[%emt 0:00:04]} 23. Nb4 {[%emt 0:09:35]} Ng6 {[%emt 0:03:10]} 24. d3 {[%emt 0:05:14]} Bd5 {[%emt 0:17:26]} 25. Nxd5 {[%emt 0:00:18]} exd5 {[%emt 0:00:01]} 26. Re8+ {[%emt 0:01:28]} Rxe8 {[%emt 0:00:01]} 27. Qxe8+ {[%emt 0:00:07]} Nf8 {[%emt 0:00:10]} 28. Bf3 {[%emt 0:01:36]} Qd6 {[%emt 0:03:18]} 29. Re1 {[%emt 0:00:58]} Bb8 {[%emt 0:01:17]} 30. g3 {[%emt 0:01:19]} Ba7 {[%emt 0:00:36]} 31. Qa8 {[%emt 0:05:00]} Bc5 {[%emt 0:00:24]} 32. Re5 {[%emt 0:00:51]} Rf6 {[%emt 0:00:33]} 33. Rxd5 {[%emt 0:00:45]} Qc6 {[%emt 0:00:23]} 34. Kg2 {[%emt 0:00:51]} Re6 {[%emt 0:00:20]} 35. Re5 {[%emt 0:00:15]} Rxe5 {[%emt 0:00:44]} 36. Bxc6 {[%emt 0:00:08]} Re2+ {[%emt 0:00:01]} 37. Kf3 {[%emt 0:02:12]} Re3+ {[%emt 0:00:07]} 38. Kf2 {[%emt 0:00:48]} bxc6 {[%emt 0:00:03]} 39. Qxc6 {[%emt 0:00:24]} Ne6 {[%emt 0:00:29]} 40. Qe8+ {[%emt 0:00:37]} Nf8 {[%emt 0:00:05]} 41. Qc8 {[%emt 0:30:05]} Bb6 {[%emt 0:30:21]} 42. Ba3 {[%emt 0:00:12]} 1/2-1/2

[Event "WJCC U20 Girls 2019"]
[Site "New Delhi"]
[Date "2019.10.21"]
[Round "7.27"]
[White "Aouachria, Marwa"]
[Black "Ferkova, Dominika"]
[Result "0-1"]
[WhiteElo "1839"]
[BlackElo "2096"]
[Annotator "NA RC"]
[PlyCount "128"]
[EventDate "2019.10.15"]
[EventType "swiss"]
[EventCountry "IND"]
[SourceTitle "playchess.com"]
[Source "ChessBase"]
[SourceQuality "1"]
[TimeControl "40/5400+30:1800+30"]

1. e4 {[%emt 0:00:00]} c6 {[%emt 0:00:00]} 2. d4 {[%emt 0:00:00]} d5 {[%emt 0:00:07]} 3. exd5 cxd5 {[%emt 0:00:08]} 4. c4 {[%emt 0:00:00]} Nf6 {[%emt 0:00:15]} 5. Nc3 {[%emt 0:00:00]} Nc6 {[%emt 0:00:34]} 6. Bg5 {[%emt 0:02:30]} dxc4 {[%emt 0:08:41]} 7. Bxc4 {[%emt 0:06:08]} e6 {[%emt 0:15:34]} 8. Nf3 {[%emt 0:02:32]} Be7 {[%emt 0:01:07]} 9. a3 {[%emt 0:01:41]} O-O {[%emt 0:00:40]} 10. O-O {[%emt 0:00:06]} h6 {[%emt 0:09:49]} 11. Bh4 {[%emt 0:03:41]} Nd5 {[%emt 0:00:53]} 12. Bxe7 {[%emt 0:03:25]} Ncxe7 {[%emt 0:03:59]} 13. Ne2 {[%emt 0:07:12]} b6 {[%emt 0:03:01]} 14. Qd3 {[%emt 0:02:32]} Bb7 {[%emt 0:02:42]} 15. Ne5 {[%emt 0:06:21]} Nf5 {[%emt 0:04:59]} 16. Rfd1 {[%emt 0:16:30]} Qg5 {[%emt 0:06:40]} 17. Nf3 {[%emt 0:00:28]} Qf6 {[%emt 0:01:10]} 18. Rac1 {[%emt 0:03:18]} a6 {[%emt 0:05:51]} 19. Ba2 {[%emt 0:03:44]} Nh4 {[%emt 0:07:17]} 20. Nxh4 {[%emt 0:01:34]} Qxh4 {[%emt 0:00:07]} 21. Qg3 {[%emt 0:09:00]} Qxg3 {[%emt 0:02:28]} 22. hxg3 {[%emt 0:00:08]} Rac8 {[%emt 0:02:50]} 23. Kf1 {[%emt 0:02:47]} Rfd8 {[%emt 0:03:40]} 24. Ke1 {[%emt 0:12:26]} b5 {[%emt 0:04:46]} 25. Rc5 {[%emt 0:05:58]} Nb6 {[%emt 0:01:01]} 26. f3 {[%emt 0:05:49]} Nc4 {[%emt 0:02:46]} 27. Bxc4 {[%emt 0:00:19]} bxc4 {[%emt 0:00:06]} 28. Rxc8 {[%emt 0:01:55]} Rxc8 {[%emt 0:00:02]} 29. Nc3 {[%emt 0:00:24]} Bd5 {[%emt 0:00:12]} 30. Rc1 {[%emt 0:02:55]} Rb8 {[%emt 0:01:04]} 31. Rc2 {[%emt 0:00:21]} f6 {[%emt 0:01:16]} 32. Na4 {[%emt 0:00:45]} Kf7 {[%emt 0:00:40]} 33. Nc5 {[%emt 0:00:14]} a5 {[%emt 0:00:29]} 34. Kd2 {[%emt 0:01:30]} g5 {[%emt 0:02:21]} 35. g4 {[%emt 0:00:26]} h5 {[%emt 0:02:24]} 36. gxh5 {[%emt 0:00:32]} Rh8 {[%emt 0:00:02]} 37. Kc3 {[%emt 0:00:13]} Rxh5 {[%emt 0:00:23]} 38. Na4 {[%emt 0:00:31]} g4 {[%emt 0:00:58]} 39. fxg4 {[%emt 0:00:48]} Rg5 40. Nb6 {[%emt 0:00:43]} Rxg4 {[%emt 0:00:30]} 41. Rf2 {[%emt 0:30:30]} Rg3+ {[%emt 0:34:05]} 42. Kc2 {[%emt 0:00:13]} Be4+ {[%emt 0:01:06]} 43. Kc1 {[%emt 0:00:20]} c3 {[%emt 0:00:52]} 44. Nc4 {[%emt 0:00:00]} Bxg2 {[%emt 0:00:00]} 45. Nxa5 {[%emt 0:00:00]} Be4 {[%emt 0:00:00]} 46. bxc3 {[%emt 0:00:00]} Rxc3+ {[%emt 0:00:00]} 47. Kb2 {[%emt 0:00:00]} Rd3 {[%emt 0:00:00]} 48. Rf4 {[%emt 0:00:00]} Bd5 {[%emt 0:00:00]} 49. Rf1 {[%emt 0:00:00]} f5 {[%emt 0:00:00]} 50. Ra1 {[%emt 0:00:00]} Kf6 {[%emt 0:00:00]} 51. a4 {[%emt 0:00:00]} f4 {[%emt 0:00:00]} 52. Kc2 {[%emt 0:00:00]} Re3 {[%emt 0:00:00]} 53. Kd2 {[%emt 0:00:00]} Kf5 {[%emt 0:00:00]} 54. Rb1 {[%emt 0:00:00]} Ke4 {[%emt 0:00:00]} 55. Nb7 {[%emt 0:01:59]} Rd3+ {[%emt 0:00:14]} 56. Ke2 {[%emt 0:00:42]} Bxb7 {[%emt 0:00:06]} 57. Rxb7 {[%emt 0:00:07]} Rxd4 {[%emt 0:00:04]} 58. a5 {[%emt 0:00:27]} Ra4 {[%emt 0:00:28]} 59. Rb6 {[%emt 0:00:14]} e5 {[%emt 0:00:53]} 60. a6 {[%emt 0:00:08]} Ra2+ {[%emt 0:00:19]} 61. Kf1 {[%emt 0:00:11]} f3 {[%emt 0:02:02]} 62. Rb4+ {[%emt 0:02:07]} Ke3 {[%emt 0:00:33]} 63. Rb3+ {[%emt 0:00:25]} Kf4 {[%emt 0:00:06]} 64. Rb4+ {[%emt 0:00:53]} e4 {[%emt 0:00:06]} 0-1